Biografía del marqués de Santa Cruz de Marzenado / (Record no. 151436)
[ view plain ]
| 000 -LEADER | |
|---|---|
| campo de control de longitud fija | 01254nam a2200241 i 4500 |
| 001 - NÚMERO DE CONTROL | |
| campo de control | 151436 |
| 003 - IDENTIFICADOR DE NÚMERO DE CONTROL | |
| campo de control | ES-MaACL |
| 005 - FECHA Y HORA DE LA ÚLTIMA TRANSACCIÓN | |
| campo de control | 20251120183008.0 |
| 008 - DATOS DE LONGITUD FIJA--INFORMACIÓN GENERAL | |
| campo de control de longitud fija | 931025s1885 sp |||| | spa d |
| 100 1# - ENTRADA PRINCIPAL--NOMBRE DE PERSONA | |
| Nombre de persona | Altolaguirre y Duvale, Ángel de, |
| Fechas asociadas al nombre | 1857-1939 |
| 9 (RLIN) | 20559 |
| 245 10 - MENCIÓN DEL TÍTULO | |
| Título | Biografía del marqués de Santa Cruz de Marzenado / |
| Mención de responsabilidad, etc. | por Ángel de Altolaguirre y Duvale ; con un prólogo de Don Luis Vidart. |
| 260 ## - PUBLICACIÓN, DISTRIBUCIÓN, ETC. | |
| Lugar de publicación, distribución, etc. | Madrid : |
| Nombre del editor, distribuidor, etc. | [s.n.], |
| Fecha de publicación, distribución, etc. | 1885 ( |
| Fabricante | Imp. del Cuerpo Administrativo del Ejército) |
| 300 ## - DESCRIPCIÓN FÍSICA | |
| Extensión | XIX, 181 p., [1] h. pleg. ; |
| Dimensiones | 26 cm. |
| 530 ## - NOTA DISPONIBLE DE FORMULARIO FÍSICO ADICIONAL | |
| Nota de formato físico adicional disponible | Disponible en formato digital. |
| 586 ## - NOTA DE PREMIOS | |
| Nota de premios | "Obra premiada en el certamen verificado en el Centro Militar el 19 de diciembre de 1884 para conmemorar el segundo centenario del nacimiento de aquel insigne escritor" |
| 600 04 - PUNTO DE ACCESO ADICIONAL DE MATERIA--NOMBRE DE PERSONA | |
| Nombre de persona | Santa Cruz de Marcenado, Alvaro Navia Ossorio, |
| Títulos y otros términos asociados al nombre | Marqués de |
| 9 (RLIN) | 103237 |
| 700 1# - ENTRADA AGREGADA--NOMBRE PERSONAL | |
| Nombre de persona | Vidart, Luis, |
| Fechas asociadas al nombre | 1833-1897 |
| 9 (RLIN) | 114538 |
| 710 2# - ENTRADA AGREGADA--NOMBRE DE ENTIDAD CORPORATIVA | |
| Nombre de entidad corporativa o nombre de jurisdicción como elemento de entrada | Cuerpo Administrativo del Ejército (España) |
| 9 (RLIN) | 144445 |
| 852 4# - LOCALIZACIÓN | |
| Ubicación | ES-MaACL |
| Nota libre | T-438-F-11 |
| -- | - Enc. hol., falto de cub. original |
| -- | - Enc. en un vol. facticio |
| 852 4# - LOCALIZACIÓN | |
| Ubicación | ES-MaACL |
| Número de control de estantería | B-4624 |
| 856 4# - LOCALIZACIÓN Y ACCESO ELECTRÓNICOS | |
| Identificador Uniforme de Recursos | <a href="http://bdh-rd.bne.es/viewer.vm?id=0000252815&page=1 ">http://bdh-rd.bne.es/viewer.vm?id=0000252815&page=1 </a> |
| Nota pública | Biblioteca Digital Hispánica |
| Estatus retirado | Estado de pérdida | Estado de daño | No para préstamo | Colección | Biblioteca de origen | Biblioteca actual | Ubicación en estantería | Fecha de adquisición | Total de préstamos | Signatura topográfica completa | Código de barras | Visto por última vez | Precio de reemplazo | Tipo de ítem Koha | Fuente de adquisición |
|---|---|---|---|---|---|---|---|---|---|---|---|---|---|---|---|
| Colección de folletos | Biblioteca del Ateneo de Madrid | Biblioteca del Ateneo de Madrid | Depósito folletos | 17/01/2008 | T-438-F-11 | 1158005 | 23/02/2023 | 23/02/2023 | Folleto | ||||||
| Colección digital | Biblioteca del Ateneo de Madrid | Biblioteca del Ateneo de Madrid | Sala Pardo Bazán | 02/06/2014 | B-4624 | 1192818 | 23/02/2023 | 23/02/2023 | Libro impreso antiguo |
